000 02691nam a22003497a 4500
001 104283
003 KnowledgeUnlatched
005 20210303104946.0
006 m o d
007 cr u||||||||||
008 210129p20162020enk o u00| u eng d
037 _5BiblioBoard
245 0 4 _aThe Limits to Citizen Power
_bParticipatory Democracy and the Entanglements of the State /
_cVictor Albert.
020 _a9781783717989
029 1 _ahttps://library.biblioboard.com/ext/api/media/5444a5e7-110c-4695-bee0-b741150a78bd/assets/thumbnail.jpg
040 _aScCtBLL
_cScCtBLL
100 1 _aAlbert, Victor
_eauthor.
264 1 _bPluto Press,
300 _a1 online resource.
506 0 _aAccess copy available to the general public.
_fUnrestricted
_2star
520 _aCan a political project exist outside of the power relations from which it is trying to emerge? In the twilight of Brazil's twenty-one year military regime, a new union movement emerged in São Paulo's industrial region, giving life to a new political party: the Workers' Party. The electoral success enjoyed by the party enabled it to champion a whole raft of democratic reforms and Brazil is now celebrated as a laboratory for popular and participatory forms of government. However, through analysis of the trajectory of the Worker Party's democratic experiment, the true challenge of embedding democracy inside existing state structures emerges. Drawing on long-term ethnographic research, Victor Albert provides a critical analysis of citizen participation in Santo André, in the region of Greater São Paulo where the Workers' Party was founded, holding a microscope to the power relations between political appointees, public officials and local community activists. Albert also reveals how different social actors think and feel about citizen participation away from formal assemblies, and how some participants engage in what is a tenuous, and at times mutually distrustful, tactical and strategic relationship with political patrons.
588 0 _aDescription based on print version record.
590 _aKU Select 2019: HSS Backlist Books
650 7 _aPolitical Science / Political Ideologies / Democracy
_2bisacsh
650 0 _aPolitical science
655 0 _aElectronic books.
758 _iIs found in:
_aKnowledge Unlatched
_1https://openresearchlibrary.org/module/2774bc74-146a-484f-a7ba-ab1d6a09bbfb
856 4 0 _uhttps://openresearchlibrary.org/content/5444a5e7-110c-4695-bee0-b741150a78bd
_zView this content on Open Research Library.
_70
999 _c33112
_d33112